00469nam a2200181Ia 4500008004100000020001800041050001400059100002000073245001900093245005100112260002300163260003100186260000900217300001500226300002700241300001000268500000900278170918s9999 xx 000 0 und d a9780152019662 bM476 1997 aMaze, Stephanie 3aAn astronaut / cby Stephanie Maze and Catherine O'Neill Grace. aOrlando, Florida : bHarcourt Brace & Companyu, c1997 a47 pages : bcolored illustration ; c26cm. a1070